000 01515nam a2200385 c 4500
003 BLK
005 20231121005352.0
008 180409b bul|||||r ||||||| ||bul||
010 _aKNG00123467000
020 _a978-954-431-554-2
_bиздат.: Златното пате
040 _aBLK
041 _aBUL
_cBUL
072 7 _2bullib
_aН85
_xДетска художествена литература Н
080 _aБългарска литература
_b821.163.2
_x-93-91
_z821.163.2-93-91
100 1 _aГурина, Ирина
_eпърви автор
_957203
700 _aЖекова, Ангелина Иванова
_d1944-
_9366328
700 1 _aШляхов, Игор
_eил.
_9373429
139 _aГурина, Ирина
_bГ 93
245 1 0 _aБърза помощ
_cИрина Гурина; стихове Ангелина Жекова; ил. Игор Шляхов.
257 _aRUS
260 София
_bЗлатното пате
_c2009
_fОтпеч. в Китай
300 _a10 с.
_bс цв. ил.
_c15 см
380 _aDX
500 _aБез сведение за ориг. загл.
653 _aстихотворения за деца
653 _aлитература за деца
653 _aдетска литература
659 _aН
852 _aЦб І 34092
856 4 _qpdf
_u
856 4 _qpdf
_u
942 _cKNG
_n0
_02
944 _aCR
_c06.06.2011
_lCRON CRON
_k
944 _aED
_c14.07.2017
_lф /
_kПенка_Димитрова
999 _c117867
_d117867